Statistics for VM historien

Click here to take the quiz!

General Stats

  • This quiz has been taken 5 times
  • The average score is 10 of 16

Answer Stats

HintAnswer% Correct
Hvilket land har vundet vm flest gange?Brasilien
100%
Hvilket land har været med til flest slutrunder?Brasilien
100%
Hvilken nation med 4 vm titler har ikke formået at kvalificere sig til vm 2022?Italien
100%
Hvem er all time topscorer ved vm?Miroslav Klose
100%
Hvem er den yngste vm finalist nogensinde?Pele
100%
Hvilken nation har været i flest finaler?Tyskland
100%
Hvor mange gange er Danmark kommet videre fra gruppespillet?4
67%
Den mest målrige kamp til en slutrunde nogensinde var i 1954, i en kamp mellem Østrig og Schweiz. Hvad blev kampen?7-5
67%
Hvilken nation har været i flest finaler uden at vinde?Holland
67%
Hvilken dansk spiller er den seneste der har scoret et mål i ordinær tid ved en vm-slutrunde?Mathias "Zanka" Jørgensen
67%
Hvem er den eneste målmand der har vundet den gyldne bold ved et vm?Oliver Kahn
67%
Hvad var det første afrikanske land i en vm-kvartfinale?Cameroon
33%
Hvilket nordamerikansk hold er med til deres første slutrunde siden 1986 ved slutrunden 2022?Canada
33%
Det højeste antal mål scoret af en spiller til en enkelt slutrunde var 10 mål. Hvilken spiller er der snak om?Gerd Müller
33%
Hvem blev topscorer ved vm-slutrunden 1998?Davor Suker
0%
Hvad er det mindste land der nogensinde har været med til vm?Island
0%

Score Distribution

Percentile by Number Answered

Percent of People with Each Score

Your Score History

You have not taken this quiz